LIBRARY ONLINE CATALOGUE

Merriam-Webster's encyclopedia of literature. (Record no. 15163)

MARC details
000 -LEADER
fixed length control field 00616nam a22002052 4500
001 - CONTROL NUMBER
control field 0000018717
005 - DATE AND TIME OF LATEST TRANSACTION
control field 20151217161146.0
008 - FIXED-LENGTH DATA ELEMENTS--GENERAL INFORMATION
fixed length control field 100609s xx 000 0 eng d
020 ## - INTERNATIONAL STANDARD BOOK NUMBER
International Standard Book Number 0877790426 :
040 ## - CATALOGING SOURCE
Original cataloging agency KABU
Transcribing agency KABU
245 10 - TITLE STATEMENT
Title Merriam-Webster's encyclopedia of literature.
250 ## - EDITION STATEMENT
Edition statement 1st ed.
260 ## - PUBLICATION, DISTRIBUTION, ETC. (IMPRINT)
Place of publication, distribution, etc. Springfield,Massachusetts :
Name of publisher, distributor, etc. Merriam-Webster,
Date of publication, distribution, etc. 1995.
300 ## - PHYSICAL DESCRIPTION
Extent xii, 1236 p.
650 #0 - SUBJECT ADDED ENTRY--TOPICAL TERM
Topical term or geographic name as entry element Literature
Form subdivision Dictionaries.
-- 0000178048
710 2# - ADDED ENTRY--CORPORATE NAME
Corporate name or jurisdiction name as entry element Merriam-Webster.
-- 0000178049
852 1# - LOCATION
-- p5760 KES
908 ## - PUT COMMAND PARAMETER (RLIN)
Put command parameter 100609
950 ## - LOCAL HOLDINGS (RLIN)
-- 1
Holdings
Withdrawn status Lost status Source of classification or shelving scheme Not for loan Home library Current library Date acquired Total Checkouts Full call number Barcode Date last seen Price effective from Koha item type
    Library of Congress Classification Not For Loan Kabarak, Main Campus Kabarak, Main Campus 17/12/2015   PN41 .M47 1995 c. 1 24986 17/12/2015 17/12/2015 Reference